岩手県にある駅 - Statistics

General Stats
  • This quiz has been taken 8 times
  • The average score is 111 of 183
Answer Stats
Hint Answer 市町村 % Correct
大船渡線 | 東北新幹線 | 東北本線 一ノ関駅 一関市
100%
北上線 | 東北新幹線 | 東北本線 北上駅 北上市
100%
東北新幹線 | 釜石線 新花巻駅 花巻市
100%
いわて銀河鉄道線 | 山田線 | 東北新幹線 | +2 others 盛岡駅 盛岡市
100%
いわて銀河鉄道線 | 東北新幹線 いわて沼宮内駅 岩手町
100%
いわて銀河鉄道線 | 東北新幹線 二戸駅 二戸市
100%
東北本線 平泉駅 平泉町
100%
東北本線 前沢駅 奥州市
100%
東北本線 陸中折居駅 奥州市
100%
東北本線 水沢駅 奥州市
100%
東北本線 金ケ崎駅 金ケ崎町
100%
東北本線 | 釜石線 花巻駅 花巻市
100%
東北本線 仙北町駅 盛岡市
100%
リアス線 | 山田線 宮古駅 宮古市
100%
リアス線 | 釜石線 釜石駅 釜石市
100%
リアス線 | 八戸線 久慈駅 久慈市
100%
リアス線 盛駅 大船渡市
100%
リアス線 大槌駅 大槌町
100%
リアス線 陸中山田駅 山田町
100%
東北新幹線 水沢江刺 奥州市
83%
東北本線 油島駅 一関市
83%
東北本線 花泉駅 一関市
83%
東北本線 山ノ目駅 一関市
83%
東北本線 花巻空港駅 花巻市
83%
東北本線 石鳥谷駅 花巻市
83%
東北本線 日詰駅 紫波町
83%
東北本線 紫波中央駅 紫波町
83%
東北本線 矢幅駅 矢巾町
83%
東北本線 岩手飯岡駅 盛岡市
83%
田沢湖線 雫石駅 雫石町
83%
いわて銀河鉄道線 | 花輪線 好摩駅 盛岡市
83%
花輪線 松尾八幡平駅 八幡平市
83%
北上線 ほっとゆだ駅 西和賀町
83%
釜石線 遠野駅 遠野市
83%
いわて銀河鉄道線 滝沢駅 滝沢市
83%
いわて銀河鉄道線 岩手川口駅 岩手町
83%
いわて銀河鉄道線 小鳥谷駅 一戸町
83%
いわて銀河鉄道線 一戸駅 一戸町
83%
いわて銀河鉄道線 金田一温泉駅 二戸市
83%
リアス線 恋し浜駅 大船渡市
83%
リアス線 吉里吉里駅 大槌町
83%
リアス線 岩手船越駅 山田町
83%
リアス線 田老駅 宮古市
83%
リアス線 新田老駅 宮古市
83%
リアス線 田野畑駅 田野畑村
83%
リアス線 普代駅 普代村
83%
リアス線 陸中野田駅 野田村
83%
東北本線 清水原駅 一関市
67%
東北本線 有壁駅 一関市
67%
東北本線 六原駅 金ケ崎町
67%
東北本線 村崎野駅 北上市
67%
東北本線 古館駅 紫波町
67%
山田線 上盛岡駅 盛岡市
67%
山田線 区界駅 宮古市
67%
田沢湖線 前潟駅 盛岡市
67%
田沢湖線 大釜駅 滝沢市
67%
田沢湖線 小岩井駅 滝沢市
67%
北上線 和賀仙人駅 北上市
67%
北上線 ゆだ錦秋湖駅 西和賀町
67%
釜石線 陸中大橋駅 釜石市
67%
大船渡線 千厩駅 一関市
67%
いわて銀河鉄道線 青山駅 盛岡市
67%
いわて銀河鉄道線 厨川駅 盛岡市
67%
いわて銀河鉄道線 巣子駅 滝沢市
67%
いわて銀河鉄道線 奥中山高原駅 一戸町
67%
いわて銀河鉄道線 小繋駅 一戸町
67%
いわて銀河鉄道線 斗米駅 二戸市
67%
リアス線 甫嶺駅 大船渡市
67%
リアス線 三陸駅 大船渡市
67%
リアス線 吉浜駅 大船渡市
67%
リアス線 唐丹駅 釜石市
67%
リアス線 両石駅 釜石市
67%
リアス線 鵜住居駅 釜石市
67%
リアス線 浪板海岸駅 大槌町
67%
リアス線 織笠駅 山田町
67%
リアス線 陸中宇部駅 久慈市
67%
山田線 山岸駅 盛岡市
50%
山田線 上米内駅 盛岡市
50%
山田線 陸中川井駅 宮古市
50%
北上線 ゆだ高原駅 西和賀町
50%
釜石線 宮守駅 遠野市
50%
釜石線 青笹駅 遠野市
50%
釜石線 小佐野駅 釜石市
50%
大船渡線 陸中門崎駅 一関市
50%
大船渡線 陸中松川駅 一関市
50%
大船渡線 猊鼻渓駅 一関市
50%
八戸線 宿戸駅 洋野町
50%
八戸線 陸中八木駅 洋野町
50%
八戸線 陸中中野駅 洋野町
50%
八戸線 陸中夏井駅 久慈市
50%
いわて銀河鉄道線 御堂駅 岩手町
50%
リアス線 陸前赤崎駅 大船渡市
50%
リアス線 綾里駅 大船渡市
50%
リアス線 平田駅 釜石市
50%
リアス線 豊間根駅 山田町
50%
リアス線 津軽石駅 宮古市
50%
リアス線 八木沢・宮古短大駅 宮古市
50%
リアス線 山口団地駅 宮古市
50%
リアス線 一の渡駅 宮古市
50%
リアス線 摂待駅 宮古市
50%
リアス線 岩泉小本駅 岩泉町
50%
リアス線 島越駅 田野畑村
50%
リアス線 堀内駅 普代村
50%
リアス線 野田玉川駅 野田村
50%
山田線 松草駅 宮古市
33%
山田線 川内駅 宮古市
33%
山田線 箱石駅 宮古市
33%
山田線 腹帯駅 宮古市
33%
山田線 茂市駅 宮古市
33%
山田線 蟇目駅 宮古市
33%
山田線 花原市駅 宮古市
33%
山田線 千徳駅 宮古市
33%
田沢湖線 春木場駅 雫石町
33%
田沢湖線 赤渕駅 雫石町
33%
花輪線 東大更駅 八幡平市
33%
花輪線 大更駅 八幡平市
33%
花輪線 平館駅 八幡平市
33%
花輪線 安比高原駅 八幡平市
33%
花輪線 赤坂田駅 八幡平市
33%
花輪線 小屋の畑駅 八幡平市
33%
花輪線 荒屋新町駅 八幡平市
33%
花輪線 横間駅 八幡平市
33%
花輪線 田山駅 八幡平市
33%
花輪線 兄畑駅 八幡平市
33%
北上線 柳原駅 北上市
33%
北上線 江釣子駅 北上市
33%
北上線 藤根駅 北上市
33%
北上線 立川目駅 北上市
33%
北上線 横川目駅 北上市
33%
北上線 岩沢駅 北上市
33%
釜石線 似内駅 花巻市
33%
釜石線 柏木平駅 遠野市
33%
釜石線 鱒沢駅 遠野市
33%
釜石線 荒谷前駅 遠野市
33%
釜石線 岩手二日町駅 遠野市
33%
釜石線 綾織駅 遠野市
33%
釜石線 岩手上郷駅 遠野市
33%
釜石線 平倉駅 遠野市
33%
釜石線 足ヶ瀬駅 遠野市
33%
釜石線 上有住駅 住田町
33%
釜石線 洞泉駅 釜石市
33%
大船渡線 岩ノ下駅 一関市
33%
大船渡線 柴宿駅 一関市
33%
大船渡線 摺沢駅 一関市
33%
大船渡線 小梨駅 一関市
33%
大船渡線 矢越駅 一関市
33%
大船渡線 折壁駅 一関市
33%
大船渡線 新月駅 一関市
33%
八戸線 角の浜駅 洋野町
33%
八戸線 平内駅 洋野町
33%
八戸線 種市駅 洋野町
33%
八戸線 玉川駅 洋野町
33%
八戸線 有家駅 洋野町
33%
八戸線 侍浜駅 久慈市
33%
いわて銀河鉄道線 渋民駅 盛岡市
33%
リアス線 払川駅 宮古市
33%
リアス線 磯鶏駅 宮古市
33%
リアス線 佐羽根駅 宮古市
33%
リアス線 白井海岸駅 普代村
33%
リアス線 十府ヶ浦海岸駅 野田村
33%
花輪線 北森駅 八幡平市
17%
釜石線 小山田駅 花巻市
17%
釜石線 土沢駅 花巻市
17%
釜石線 晴山駅 花巻市
17%
釜石線 岩根橋駅 遠野市
17%
釜石線 松倉駅 釜石市
17%
大船渡線 真滝駅 一関市
17%
No matching quizzes found
Score Distribution
Percent of People with Each Score
Percentile by Number Answered
Your Score History
You have not taken this quiz